Statistics for Let's Dance - David Bowie

Click here to take the quiz!

General Stats

  • This quiz has been taken 6 times
  • The average score is 6 of 8

Answer Stats

Answer% Correct
Let's Dance
100%
Modern Love
100%
China Girl
80%
Criminal World
80%
Without You
80%
Ricochet
60%
Shake It
60%
Cat People (Putting Out Fire)
40%

Score Distribution

Percentile by Number Answered

Percent of People with Each Score

Your Score History

You have not taken this quiz